| 000 | 00729cam a22002531 4500 | ||
|---|---|---|---|
| 001 | l 63000241 | ||
| 003 | DLC | ||
| 005 | 20260227111547.0 | ||
| 008 | 720223s1962 xx 000 0 eng | ||
| 010 | _al 63000241 | ||
| 035 | _a(OCoLC)248566 | ||
| 040 |
_aDLC _cODaWU _dOCoLC _dDLC |
||
| 042 | _apremarc | ||
| 050 | 0 | 0 |
_aHD7801 _b.I67 no. 65 |
| 110 | 2 | _aInternational Labour Office | |
| 245 | 1 | 0 | _aUnemployment and structural change. |
| 260 | _c1962. | ||
| 300 | _a206 p. | ||
| 490 | 1 |
_aIts Studies and reports. New ser. _vno. 65 |
|
| 504 | _aBibliographical footnotes. | ||
| 650 | 0 | _aUnemployed. | |
| 650 | 0 | _aEconomic policy. | |
| 810 | 2 |
_aInternational Labour Office. _tStudies and reports, new series ; _vno. 65. |
|
| 999 |
_c37131 _d37131 |
||